Joe Bonamassa Discography - Statistics

General Stats
  • This quiz has been taken 8 times
  • The average score is 8 of 30
Answer Stats
Type Year Name % Correct
Album 2010 Black Rock
50%
Album 2012 Driving Towards the Daylight
50%
Album 2011 Dust Bowl
50%
Live Album 2017 Live at Carnegie Hall: An Acoustic Evening
50%
Album 2000 A New Day Yesterday
33%
Live Album 2012 Beacon Theatre: Live from New York
33%
Album 2003 Blues Deluxe
33%
Album 2016 Blues of Desperation
33%
Album 2014 Different Shades of Blue
33%
Collaborative Live Album 2014 Live in Amsterdam
33%
Live Album 2015 Muddy Wolf at Red Rocks
33%
Album 2002 So, It's Like That
33%
Album 2009 The Ballad of John Henry
33%
Live Album 2014 Tour de Force: Live in London - Hammersmith Apollo
33%
Live Album 2014 Tour de Force: Live in London - Royal Albert Hall
33%
Live Album 2014 Tour de Force: Live in London - Shepherd's Bush Empire
33%
Live Album 2014 Tour de Force: Live in London - The Borderline
33%
Live Album 2002 A New Day Yesterday Live
17%
Collaborative Album 2011 Don't Explain
17%
Album 2004 Had to Cry Today
17%
Live Album 2015 Live at Radio City Music Hall
17%
Live Album 2016 Live at the Greek Theatre
17%
Live Album 2008 Live from Nowhere in Particular
17%
Live Album 2009 Live from the Royal Albert Hall
17%
Collaborative Album 2013 Seesaw
17%
Album 2007 Sloe Gin
17%
Album 2006 You & Me
17%
Live Album 2013 An Acoustic Evening at the Vienna Opera House
0%
Collaborative Album 2015 Ooh Yea: The Betty Davis Songbook
0%
Live Album 2007 Shepherds Bush Empire
0%
No matching quizzes found
Score Distribution
Percent of People with Each Score
Percentile by Number Answered
Your Score History
You have not taken this quiz